000
00283nam a22001217a 4500
008
170530b xxu||||| |||| 00| 0 eng d
041
_a
eng
080
_a
94(7/8)
100
_a
17
101
_a
SHH
245
_a
THE HOVERING GIANT IN LATIN AMERICA
_c
BLASIER.C
942
_2
udc
_c
BK
999
_c
15053
_d
15053